[Event "Under 2300 Spring Tournament 1"]
[Site "SchemingMind.com"]
[Date "2017.02.24"]
[Round "-"]
[White "GBEDARD"]
[Black "ray winteringham"]
[Result "1-0"]
[WhiteCountry "USA"]
[BlackCountry "ENG"]
[WhiteElo "2062"]
[WhiteRD "95"]
[BlackElo "1493"]
[BlackRD "51"]
[GameID "410874"]

1. e4 c5 2. Nf3 Nc6 3. d4 cxd4 4. Nxd4 Nxd4 5. Qxd4 e6 6. Nc3 a6 7. Be3 d6 8. O-O-O e5 9. Qa4+ Bd7 10. Qb3 Bc6
11. Bc4 Qc7 12. Nd5 Bxd5 13. Bxd5 Nf6 14. Bxb7 Rb8 15. Qa4+ Nd7 16. Bxa6 Be7 17. Bb5 Rd8 18. Qc4 Qxc4 19. Bxc4 O-O 20. Kb1 Rb8
21. f4 Kh8 22. Rhf1 f6 23. fxe5 dxe5 24. Rxd7 Ba3 25. Bb3 Bb4 26. Rfd1 h6 27. Rf7
1-0

[Event "Under 2300 Spring Tournament 1"]
[Site "SchemingMind.com"]
[Date "2017.02.24"]
[Round "-"]
[White "ray winteringham"]
[Black "GBEDARD"]
[Result "0-1"]
[WhiteCountry "ENG"]
[BlackCountry "USA"]
[WhiteElo "1493"]
[WhiteRD "51"]
[BlackElo "2062"]
[BlackRD "95"]
[GameID "410875"]

1. d4 Nf6 2. c4 e6 3. Nc3 g6 4. e3 Bg7 5. g3 d5 6. Bg2 dxc4 7. Qa4+ c6 8. Qxc4 Nd5 9. Nge2 Na6 10. Qa4 Qe7
11. O-O Nb6 12. Qd1 e5 13. Re1 O-O 14. dxe5 Rd8 15. Qc2 Nb4 16. Qe4 Bf5 17. Qf3 Nc2 18. Nd4 Nxe1 19. Qe2 Nxg2 20. Kxg2 Bxe5
21. Nxf5 gxf5 22. Bd2 Qd6 23. Rd1 Bxc3 24. bxc3 Na4 25. c4 Nc3 26. Bxc3 Qxd1 27. Qh5 Qxh5
0-1

[Event "Under 2300 Spring Tournament 1"]
[Site "SchemingMind.com"]
[Date "2017.02.28"]
[Round "-"]
[White "GBEDARD"]
[Black "Omahony"]
[Result "1-0"]
[WhiteCountry "USA"]
[BlackCountry "ENG"]
[WhiteElo "2062"]
[WhiteRD "95"]
[BlackElo "1746"]
[BlackRD "130"]
[GameID "410976"]

1. e4 e6 2. d4 d5 3. Nc3 Nf6 4. Bg5 Be7 5. Bxf6 Bxf6 6. e5 Be7 7. Qg4 O-O 8. Bd3 Nd7 9. Qh5 f5 10. Nf3 c5
11. O-O a6 12. Rfd1 c4 13. Be2 Rf7 14. h4 Nf8 15. Ng5 Bxg5 16. Qxg5 Bd7 17. Bh5 g6 18. Be2 b5 19. a3 Bc6 20. Qh6 Raa7
21. Bf3 a5 22. Ne2 b4 23. Nf4 Rab7 24. axb4 Rxb4 25. h5 g5 26. Nxe6 Nxe6 27. Qxe6 Qd7 28. Qh6 Rg7 29. Rxa5 Rb6 30. Bxd5+ Kh8
31. Qf6 Qc8 32. h6
1-0

[Event "Under 2300 Spring Tournament 1"]
[Site "SchemingMind.com"]
[Date "2017.02.27"]
[Round "-"]
[White "Omahony"]
[Black "GBEDARD"]
[Result "0-1"]
[WhiteCountry "ENG"]
[BlackCountry "USA"]
[WhiteElo "1716"]
[WhiteRD "110"]
[BlackElo "2059"]
[BlackRD "90"]
[GameID "410977"]

1. d4 Nf6 2. Nf3 e6 3. Bf4 b6 4. e3 Bb7 5. Bd3 c5 6. O-O Be7 7. Nbd2 Nh5 8. Bxb8 Rxb8 9. Ne5 Nf6 10. f4 O-O
11. c3 d6 12. Ng4 Nxg4 13. Qxg4 f5 14. Qe2 Bf6 15. Rad1 Qc7 16. Bb1 Rfc8 17. Nf3 Bd5 18. b3 cxd4 19. cxd4 b5 20. Bd3 b4
21. Nd2 Qd7 22. Nc4 Qc6 23. Rc1 Qc7 24. Rc2 Qd8 25. Rfc1 Qe7 26. Na5 Qd7 27. Ba6 Rxc2 28. Qxc2 g5 29. Qd2 Bd8 30. fxg5 Bxa5
31. Qc2 Qg7 32. h4 f4 33. Qe2 fxe3 34. Qxe3 Bb6 35. Rd1 e5 36. Qg3 Bxd4+ 37. Kh1 Qc7 38. Qd3 Rf8 39. Bc4 Bxc4 40. bxc4 Rf4
41. g3 Qb7+ 42. Kh2 Rf2+ 43. Kh3 Qc8+ 44. g4 Qb7 45. Rg1 Rf3+
0-1

[Event "Under 2300 Spring Tournament 1"]
[Site "SchemingMind.com"]
[Date "2017.02.28"]
[Round "-"]
[White "ray winteringham"]
[Black "Omahony"]
[Result "0-1"]
[WhiteCountry "ENG"]
[BlackCountry "ENG"]
[WhiteElo "1493"]
[WhiteRD "51"]
[BlackElo "1746"]
[BlackRD "130"]
[GameID "410978"]

1. e4 e6 2. d4 d5 3. e5 c5 4. Nf3 Ne7 5. c3 Nec6 6. Bb5 Qb6 7. Qe2 Bd7 8. O-O cxd4 9. Bxc6 Nxc6 10. b3 dxc3
11. Nxc3 Be7 12. Be3 Qa5 13. Bd2 a6 14. Na4 Qd8 15. Be3 O-O 16. Nb6 Rb8 17. a4 a5 18. Rfc1 f6 19. exf6 Bxf6 20. Rab1 Nb4
21. Bc5 Re8 22. Qd2 Bc6 23. Bxb4 axb4 24. Qxb4 e5 25. a5 d4 26. Rd1 Qc7 27. Rbc1 Qf7 28. Nc4 Qg6 29. Ncd2 Red8 30. h3 e4
31. Rxc6 exf3 32. Qc4+ Kh8 33. Nxf3 bxc6 34. Qxc6 Rxb3 35. Nh2 Rxh3 36. Kh1 Rxh2+
0-1

[Event "Under 2300 Spring Tournament 1"]
[Site "SchemingMind.com"]
[Date "2017.02.27"]
[Round "-"]
[White "Omahony"]
[Black "ray winteringham"]
[Result "1-0"]
[WhiteCountry "ENG"]
[BlackCountry "ENG"]
[WhiteElo "1746"]
[WhiteRD "130"]
[BlackElo "1493"]
[BlackRD "51"]
[GameID "410979"]

1. d4 d5 2. Nf3 Nf6 3. Bf4 Bg4 4. e3 a6 5. c3 e6 6. Nbd2 Bd6 7. Bg3 O-O 8. Bd3 Bxg3 9. hxg3 h6 10. Qb3 b6
11. O-O Nbd7 12. Rfe1 c5 13. Be2 c4 14. Qa3 b5 15. b3 Nb6 16. Ne5 Qc7 17. Nxg4 Nxg4 18. Bxg4 f5 19. Bf3 Ra7 20. Re2 a5
21. g4 b4 22. Qb2 cxb3 23. cxb4 axb4 24. axb3 Rfa8 25. Ree1 Qe7 26. gxf5 Qf6 27. fxe6 Qxe6 28. Nf1 g5 29. g3 Rf7 30. Nh2 Raf8
31. Kg2 g4 32. Bxg4 Qf6 33. f4 Nd7 34. Ra7 Nc5 35. Rxf7 Rxf7 36. Qc2 Ne4 37. Bf3 Qf5 38. Ng4 Nd6 39. Nxh6+
1-0

[Event "Under 2300 Spring Tournament 1"]
[Site "SchemingMind.com"]
[Date "2017.03.01"]
[Round "-"]
[White "smothered mate"]
[Black "GBEDARD"]
[Result "1/2-1/2"]
[WhiteCountry "POL"]
[BlackCountry "USA"]
[WhiteElo "2050"]
[WhiteRD "69"]
[BlackElo "2036"]
[BlackRD "89"]
[GameID "411048"]

1. e4 d6 2. d4 Nf6 3. Nc3 g6 4. Nf3 Bg7 5. Be2 O-O 6. O-O c6 7. h3 b5 8. a3 Nbd7 9. Bf4 Bb7 10. Bh2 a5
11. e5 Ne8 12. d5 cxd5 13. exd6 Nxd6 14. Bxd6 exd6 15. Nd4 Qb6 16. Ncxb5 a4 17. Rb1 Ra5 18. Qd2 Ba6 19. Rfd1 Bxb5 20. Nxb5 Rxb5
21. Bxb5 Qxb5 22. Qxd5 Qxd5 23. Rxd5 Be5 24. Rb5 Rc8 25. c3 Nc5 26. g3 Kf8 27. f4 Bg7 28. Rd1 Ke7 29. Rb6 Rd8 30. Rd5 Ne4
31. Kg2 Kd7 32. Ra5 Nc5 33. Ra7+ Ke8 34. g4 Kf8 35. Kf3 Bf6 36. g5 Be7 37. Rc6 Rb8 38. Rcc7 Re8 39. h4 Ne6 40. Rd7 Nc5
41. Rdc7 Ne6 42. Rd7=
1/2-1/2

[Event "Under 2300 Spring Tournament 1"]
[Site "SchemingMind.com"]
[Date "2017.03.01"]
[Round "-"]
[White "GBEDARD"]
[Black "smothered mate"]
[Result "1-0"]
[WhiteCountry "USA"]
[BlackCountry "POL"]
[WhiteElo "2049"]
[WhiteRD "91"]
[BlackElo "1924"]
[BlackRD "68"]
[GameID "411049"]

1. e4 e6 2. d4 d5 3. Nc3 Nf6 4. Bg5 dxe4 5. Nxe4 Be7 6. Bxf6 gxf6 7. Nf3 b6 8. Bc4 Bb7 9. Qe2 Nd7 10. O-O-O f5
11. Ng3 h5 12. d5 h4 13. dxe6 hxg3 14. Rxd7
1-0

[Event "Under 2300 Spring Tournament 1"]
[Site "SchemingMind.com"]
[Date "2017.03.01"]
[Round "-"]
[White "smothered mate"]
[Black "ray winteringham"]
[Result "1-0"]
[WhiteCountry "POL"]
[BlackCountry "ENG"]
[WhiteElo "1915"]
[WhiteRD "67"]
[BlackElo "1493"]
[BlackRD "51"]
[GameID "411050"]

1. e4 e5 2. Nf3 Nc6 3. Bc4 h6 4. d4 exd4 5. c3 dxc3 6. O-O cxb2 7. Bxb2 a6 8. e5 d6 9. Re1 dxe5 10. Bxf7+ Kxf7
11. Nxe5+
1-0

[Event "Under 2300 Spring Tournament 1"]
[Site "SchemingMind.com"]
[Date "2017.03.01"]
[Round "-"]
[White "ray winteringham"]
[Black "smothered mate"]
[Result "0-1"]
[WhiteCountry "ENG"]
[BlackCountry "POL"]
[WhiteElo "1493"]
[WhiteRD "51"]
[BlackElo "1915"]
[BlackRD "67"]
[GameID "411051"]

1. e4 e6 2. d4 d5 3. Nc3 Nf6 4. e5 Nfd7 5. Bd3 c5 6. Be3 Nc6 7. Nf3 cxd4 8. Bxd4 Nxd4 9. Nxd4 Nxe5 10. O-O Nxd3
11. Qxd3 Be7 12. Nce2 O-O 13. c3 f5 14. Nf4 e5 15. Nxf5 Bxf5 16. Qxd5+ Qxd5 17. Nxd5 Bf6 18. f4 Be4 19. Rad1 Rad8 20. fxe5 Rxd5
21. exf6 Rxf6 22. Rxf6 Rxd1+
0-1

[Event "Under 2300 Spring Tournament 1"]
[Site "SchemingMind.com"]
[Date "2017.03.01"]
[Round "-"]
[White "smothered mate"]
[Black "Omahony"]
[Result "1-0"]
[WhiteCountry "POL"]
[BlackCountry "ENG"]
[WhiteElo "1924"]
[WhiteRD "68"]
[BlackElo "1720"]
[BlackRD "115"]
[GameID "411052"]

1. e4 e6 2. d4 d5 3. e5 c5 4. Nf3 Nc6 5. Bd3 Qb6 6. Nbd2 Bd7 7. O-O cxd4 8. Nb3 Nge7 9. Bf4 Ng6 10. Bg3 Rc8
11. h4 Bc5 12. h5 Nge7 13. Qd2 h6 14. a3 a5 15. Rae1 a4 16. Nxc5 Qxc5 17. Nh2 Nf5 18. Bf4 b5 19. g4 Nfe7 20. Bg3 b4
21. f4 bxa3 22. bxa3 Qxa3 23. f5 Qc3 24. Qf2 Nb4 25. f6 gxf6 26. Qxf6 Rf8 27. Bh4 Ng8 28. Qg7 Nxd3 29. Rxf7 Rxf7 30. Qxg8+ Rf8
31. Qg6+ Rf7 32. Rf1
1-0

[Event "Under 2300 Spring Tournament 1"]
[Site "SchemingMind.com"]
[Date "2017.03.01"]
[Round "-"]
[White "Omahony"]
[Black "smothered mate"]
[Result "0-1"]
[WhiteCountry "ENG"]
[BlackCountry "POL"]
[WhiteElo "1746"]
[WhiteRD "130"]
[BlackElo "1915"]
[BlackRD "67"]
[GameID "411053"]

1. d4 d5 2. Nf3 e6 3. e3 c5 4. c3 Nf6 5. Bd3 Nc6 6. O-O Be7 7. Nbd2 O-O 8. Qe2 c4 9. Bc2 e5 10. dxe5 Ng4
11. Rd1 Ngxe5 12. h3 Be6 13. Nxe5 Nxe5 14. Nf3 Ng6 15. Nd4 Qc8 16. Nxe6 Qxe6 17. Qd2 Rad8 18. Qe1 f5 19. Qe2 f4 20. Qf3 Ne5
21. Qh5 g6 22. Qh6 f3 23. g3 Nf7 24. Qf4 Ng5
0-1

[Event "Under 2300 Spring Tournament 1"]
[Site "SchemingMind.com"]
[Date "2017.03.06"]
[Round "-"]
[White "smothered mate"]
[Black "Serk"]
[Result "0-1"]
[WhiteCountry "POL"]
[BlackCountry "RUS"]
[WhiteElo "1947"]
[WhiteRD "67"]
[BlackElo "2243"]
[BlackRD "116"]
[GameID "411114"]

1. e4 e5 2. Nf3 Nc6 3. Bc4 Nf6 4. Ng5 d5 5. exd5 Na5 6. d3 h6 7. Nf3 e4 8. dxe4 Nxc4 9. Qd4 Nd6 10. Nc3 Nfxe4
11. Nxe4 Qe7 12. O-O Nxe4 13. Re1 f5 14. Nd2 Kd8 15. Nxe4 fxe4 16. Rxe4 Qf6 17. Qc4 Bd6 18. Be3 Qg6 19. Bf4 Re8 20. Rae1 Rxe4
21. Rxe4 Bd7 22. a4 a5 23. Bxd6 Qxd6 24. h4 Ra6 25. Qd4 Qg6 26. Qe5 Qf6
0-1

[Event "Under 2300 Spring Tournament 1"]
[Site "SchemingMind.com"]
[Date "2017.03.06"]
[Round "-"]
[White "Serk"]
[Black "smothered mate"]
[Result "1-0"]
[WhiteCountry "RUS"]
[BlackCountry "POL"]
[WhiteElo "2292"]
[WhiteRD "112"]
[BlackElo "1995"]
[BlackRD "66"]
[GameID "411115"]

1. d4 d5 2. c4 e6 3. Nc3 c5 4. cxd5 exd5 5. Nf3 Nc6 6. g3 c4 7. Bg2 Bb4 8. O-O Nge7 9. e4 O-O 10. exd5 Nxd5
11. Bg5 f6 12. Nxd5 Qxd5 13. Ne5 Qb5 14. a4 Qa6 15. Nxc6 bxc6 16. Bd2 Bxd2 17. Qxd2 Be6 18. Rfe1 Bd5 19. Bf1 Qb7 20. Rec1 Qf7
21. Rc2 f5 22. Rac1 f4 23. Bxc4 f3 24. Bf1 a5 25. Rc5 Qa7 26. h4 Rab8 27. b3 Rb4 28. Bc4 Bxc4 29. R5xc4 Rxc4 30. bxc4 c5
31. d5 Qd7 32. Kh2 Qxa4 33. d6 Qc6 34. Re1 Rf7 35. Re6
1-0

[Event "Under 2300 Spring Tournament 1"]
[Site "SchemingMind.com"]
[Date "2017.03.06"]
[Round "-"]
[White "GBEDARD"]
[Black "Serk"]
[Result "0-1"]
[WhiteCountry "USA"]
[BlackCountry "RUS"]
[WhiteElo "2049"]
[WhiteRD "91"]
[BlackElo "2182"]
[BlackRD "128"]
[GameID "411116"]

1. e4 e5 2. Nf3 Nc6 3. Bb5 a6 4. Ba4 Nf6 5. O-O Be7 6. Re1 b5 7. Bb3 O-O 8. c3 d5 9. exd5 Nxd5 10. Nxe5 Nxe5
11. Rxe5 c6 12. d4 Bd6 13. Re1 Qh4 14. g3 Qh3 15. Re4 g5 16. Qf1 Qh5 17. Nd2 f5 18. Bd1 Qh6 19. Re1 f4 20. Ne4 Bc7
21. Bd2 Bf5 22. Nc5 Bh3 23. Qe2 f3 24. Qd3 Bxg3 25. Bxg5 Bxf2+ 26. Kxf2 Qxg5 27. Rg1 Qxg1+ 28. Kxg1 f2+
0-1

[Event "Under 2300 Spring Tournament 1"]
[Site "SchemingMind.com"]
[Date "2017.03.06"]
[Round "-"]
[White "Serk"]
[Black "GBEDARD"]
[Result "1-0"]
[WhiteCountry "RUS"]
[BlackCountry "USA"]
[WhiteElo "2182"]
[WhiteRD "128"]
[BlackElo "2049"]
[BlackRD "91"]
[GameID "411117"]

1. d4 Nf6 2. c4 e6 3. Nf3 c5 4. d5 exd5 5. cxd5 d6 6. Nc3 g6 7. e4 Bg7 8. Nd2 O-O 9. Be2 Re8 10. O-O Nbd7
11. a4 Ne5 12. h3 b6 13. f4 Ned7 14. Re1 Bb7 15. Bf3 Ba6 16. Nb5 Bxb5 17. axb5 Qc7 18. Nc4 Reb8 19. e5 Ne8 20. Kh1 a5
21. e6 Ndf6 22. f5 gxf5 23. Bf4 fxe6 24. dxe6 Ne4 25. Qd5 Qb7 26. Qxf5 d5 27. Rxe4 dxc4 28. e7 Rc8 29. Re3 Nc7 30. Bxb7
1-0

[Event "Under 2300 Spring Tournament 1"]
[Site "SchemingMind.com"]
[Date "2017.03.05"]
[Round "-"]
[White "ray winteringham"]
[Black "Serk"]
[Result "0-1"]
[WhiteCountry "ENG"]
[BlackCountry "RUS"]
[WhiteElo "1493"]
[WhiteRD "51"]
[BlackElo "1978"]
[BlackRD "168"]
[GameID "411118"]

1. e4 e5 2. Nf3 Nc6 3. Bc4 Nf6 4. d3 Bc5 5. O-O d6 6. Bg5 h6 7. Bh4 g5 8. Bg3 h5 9. h3 h4 10. Bh2 g4
11. Bxf7+ Kxf7 12. Ng5+ Kg6 13. Qd2 Rh5 14. d4 Nxd4 15. Kh1 Rxg5
0-1

[Event "Under 2300 Spring Tournament 1"]
[Site "SchemingMind.com"]
[Date "2017.03.03"]
[Round "-"]
[White "Serk"]
[Black "ray winteringham"]
[Result "1-0"]
[WhiteCountry "RUS"]
[BlackCountry "ENG"]
[WhiteElo "1978"]
[WhiteRD "168"]
[BlackElo "1493"]
[BlackRD "51"]
[GameID "411119"]

1. d4 d5 2. c4 e6 3. Nc3 Nc6 4. Nf3 Nf6 5. Bg5 Be7 6. e3 h6 7. Bh4 g5 8. Bg3 b6 9. cxd5 Nxd5 10. Bb5 Bd7
11. Nxd5 exd5 12. Rc1 Nb8 13. Bxd7+ Qxd7 14. Rxc7 Qb5 15. Rc8+ Bd8 16. Qc2 O-O 17. Bd6 Re8 18. Ne5 Nd7 19. Rxa8 Qa5+ 20. b4 Qa6
21. Nxd7 b5 22. Nf6+
1-0

[Event "Under 2300 Spring Tournament 1"]
[Site "SchemingMind.com"]
[Date "2017.03.06"]
[Round "-"]
[White "Serk"]
[Black "Omahony"]
[Result "1-0"]
[WhiteCountry "RUS"]
[BlackCountry "ENG"]
[WhiteElo "2182"]
[WhiteRD "128"]
[BlackElo "1720"]
[BlackRD "115"]
[GameID "411120"]

1. d4 d5 2. c4 c6 3. Nf3 Nf6 4. Nc3 a6 5. c5 Bf5 6. Bf4 e6 7. e3 Be7 8. h3 Nbd7 9. Nd2 O-O 10. Be2 Re8
11. g4 Bg6 12. h4 Ne4 13. h5 Nxc3 14. bxc3 Be4 15. f3 Bh4+ 16. Kf1 e5 17. dxe5 f5 18. fxe4 fxe4 19. Nxe4 dxe4 20. Qb3+ Kh8
21. Rd1 Be7 22. e6 Nxc5 23. Rxd8 Nxb3 24. Rxe8+ Rxe8 25. axb3 Bf6 26. g5 Bxc3 27. Bg4 Kg8 28. Bd6 a5 29. Ke2 Bb4 30. Bxb4 axb4
31. Rd1 Kf8 32. Rd7 Rb8 33. g6 h6 34. Rf7+ Kg8 35. e7 b5 36. Rf8+ Rxf8 37. Be6+
1-0

[Event "Under 2300 Spring Tournament 1"]
[Site "SchemingMind.com"]
[Date "2017.03.03"]
[Round "-"]
[White "Omahony"]
[Black "Serk"]
[Result "0-1"]
[WhiteCountry "ENG"]
[BlackCountry "RUS"]
[WhiteElo "1746"]
[WhiteRD "130"]
[BlackElo "1978"]
[BlackRD "168"]
[GameID "411121"]

1. d4 Nf6 2. Nf3 g6 3. Bf4 Bg7 4. e3 O-O 5. Bd3 d6 6. h3 Nfd7 7. c3 e5 8. dxe5 dxe5 9. Bg3 Nc5 10. Bc2 Qxd1+
11. Bxd1 Nd3+ 12. Ke2 Nxb2 13. Nbd2 Nxd1 14. Rhxd1 Nc6 15. Rab1 b6 16. Nc4 Ba6 17. Nd2 Na5 18. Rb4 Nxc4 19. Nxc4 c5 20. Ra4 Bb5
21. Ra3 Bxc4+ 22. Ke1 b5 23. Ra5 e4 24. Ra3 b4 25. cxb4 cxb4 26. Ra4 Bc3+ 27. Rd2 Rfd8
0-1

[Event "Under 2300 Spring Tournament 1"]
[Site "SchemingMind.com"]
[Date "2017.03.08"]
[Round "-"]
[White "The Stonewall"]
[Black "smothered mate"]
[Result "1/2-1/2"]
[WhiteCountry "ENG"]
[BlackCountry "POL"]
[WhiteElo "2258"]
[WhiteRD "86"]
[BlackElo "2050"]
[BlackRD "69"]
[GameID "411147"]

1. Nf3 d5 2. d4 e6 3. c4 c5 4. cxd5 exd5 5. Bg5 f6 6. Bd2 Nc6 7. Bc3 b5 8. dxc5 Bxc5 9. e3 b4 10. Bb5 Qb6
11. Bxc6+ Qxc6 12. Bd4 Ne7 13. Bxc5 Qxc5 14. O-O a5 15. Nbd2 O-O 16. Rc1 Qd6 17. Nb3 a4 18. Nbd4 Ba6 19. Re1 Rfb8 20. Qd2 a3
21. b3 h6 22. Rc2 Kf7 23. Rec1 Rc8 24. Rxc8 Rxc8 25. Rxc8 Bxc8 26. Nc2 Nc6 27. Nfd4 Nxd4 28. exd4 Bf5 29. Nxb4 Bb1 30. g3 Qe6
31. Kg2 g5 32. Qe3 Qd6 33. Qe1 Bg6 34. Kf1 Qd7 35. f3 h5 36. Kf2 Qh3 37. Kg1 Qf5 38. Kg2 h4 39. h3 hxg3 40. Qxg3 Qe6
41. Qc7+ Kf8 42. Qd8+ Kg7 43. Nxd5 Qe2+ 44. Kg3 Qe1+ 45. Kg2 Qe2+ 46. Kg3 Qe1+ 47. Kg2 Qe2+
1/2-1/2

[Event "Under 2300 Spring Tournament 1"]
[Site "SchemingMind.com"]
[Date "2017.03.07"]
[Round "-"]
[White "smothered mate"]
[Black "The Stonewall"]
[Result "1-0"]
[WhiteCountry "POL"]
[BlackCountry "ENG"]
[WhiteElo "2050"]
[WhiteRD "69"]
[BlackElo "2258"]
[BlackRD "86"]
[GameID "411148"]

1. e4 c6 2. d4 d5 3. exd5 cxd5 4. c4 Nf6 5. Nc3 Nc6 6. Bg5 dxc4 7. d5 Ne5 8. f4 Neg4 9. Bxc4 Qb6 10. Qe2 Ne3
11. Bb3 Bf5 12. Rc1 Nd7 13. Nf3 h6 14. Bh4 Rc8 15. Kd2 Ng4 16. h3 Ngf6 17. g4 Bh7 18. f5 Nc5 19. Bf2 Nxb3+ 20. axb3 Qxb3
21. Qb5+ Qxb5 22. Nxb5 Ne4+ 23. Ke3 Rxc1 24. Rxc1 Nd6 25. Ne5 f6 26. Nc7+ Kd8 27. Ne6+ Ke8 28. Ng6 Bxg6 29. fxg6 h5 30. Bg3 hxg4
31. Bxd6 exd6 32. hxg4 Rh6 33. Rc8+ Ke7 34. Rxf8 Rxg6 35. Rb8 Rxg4 36. Rxb7+ Ke8 37. Nxg7+ Kd8 38. Ne6+ Kc8 39. Rxa7 Rc4 40. Kd3 Rb4
41. Rc7+ Kb8 42. Rc2 Rb5 43. Kc4 Rb7 44. b4 Rh7 45. Rg2 f5 46. Rg8+ Kb7 47. Rg7+ Rxg7 48. Nxg7 f4 49. Ne8 f3 50. Nxd6+ Kc7
51. Ne4 Kd7 52. Nf2 Kd6 53. b5 Kc7 54. Kc5
1-0

[Event "Under 2300 Spring Tournament 1"]
[Site "SchemingMind.com"]
[Date "2017.03.08"]
[Round "-"]
[White "The Stonewall"]
[Black "GBEDARD"]
[Result "1-0"]
[WhiteCountry "ENG"]
[BlackCountry "USA"]
[WhiteElo "2309"]
[WhiteRD "83"]
[BlackElo "2059"]
[BlackRD "90"]
[GameID "411149"]

1. d4 Nf6 2. Bg5 Ne4 3. Bf4 c5 4. f3 Qa5+ 5. c3 Nc6 6. fxe4 cxd4 7. Nf3 e5 8. Bd2 Qc7 9. cxd4 exd4 10. e3 dxe3
11. Bxe3 Bb4+ 12. Nbd2 O-O 13. Bd3 Re8 14. O-O d5 15. Bf2 Be6 16. Qc2 h6 17. exd5 Bxd5 18. Rfe1 Red8 19. Re2 Kh8 20. Rc1 Qf4
21. a3 Bxd2 22. Qxd2 Qxd2 23. Nxd2 Bxg2 24. Ba6 Bd5 25. Bxb7 Nd4 26. Bxd4 Bxb7 27. Rc7 Rxd4 28. Rxb7 Kg8 29. Kg2 Rad8 30. Nf3 R4d7
31. Rxd7 Rxd7 32. Kf2 g5 33. Rc2 Kg7 34. Ne5 Re7 35. Nc6 Rc7 36. b4 Rd7 37. Ke2 f5 38. Rc5 Kf6 39. Ra5 f4 40. Rxa7 Rd6
41. Ra6 Re6+ 42. Kf2 g4 43. Nb8 Kf5 44. Rxe6 Kxe6 45. a4 Kd6 46. b5 Kc7 47. Nc6 Kb6 48. Ne5 h5 49. Nd7+ Kc7 50. Nf6 h4
51. Nxg4
1-0

[Event "Under 2300 Spring Tournament 1"]
[Site "SchemingMind.com"]
[Date "2017.03.07"]
[Round "-"]
[White "GBEDARD"]
[Black "The Stonewall"]
[Result "0-1"]
[WhiteCountry "USA"]
[BlackCountry "ENG"]
[WhiteElo "2059"]
[WhiteRD "90"]
[BlackElo "2309"]
[BlackRD "83"]
[GameID "411150"]

1. e4 c6 2. d4 d5 3. Nc3 dxe4 4. Nxe4 Bf5 5. Ng3 Bg6 6. h4 h6 7. Nf3 Nd7 8. h5 Bh7 9. Bd3 Bxd3 10. Qxd3 e6
11. Bd2 Ngf6 12. O-O-O Be7 13. Kb1 O-O 14. Ne4 Nxe4 15. Qxe4 Nf6 16. Qd3 Qd5 17. Ne5 Rad8 18. Be3 b5 19. g4 Nd7 20. f4 Nxe5
21. fxe5 c5 22. Rhg1 cxd4 23. Bxd4 Rd7 24. Bf2 Rfd8 25. Qxd5 Rxd5 26. Rxd5 Rxd5 27. Bxa7 Rxe5 28. Bb6 Kf8 29. a3 Bd6 30. Kc1 Ke7
31. Kd2 Re4 32. c3 e5 33. Kd3 Rf4 34. Be3 Rf3 35. Rg2 Ke6 36. Ke4 Rh3 37. Bf2 Be7 38. Be3 Bh4 39. Ba7 Bg5 40. Bf2 Rh1
41. Bg3 f6 42. Rh2 Rg1 43. Rh3 Rg2 44. b3 Re2+ 45. Kf3 Rb2 46. b4 f5 47. gxf5+ Kxf5 48. Bxe5 Kxe5 49. Kg4 Rg2+ 50. Kf3 Rc2
51. Kg4 Ke4 52. Rf3 Rg2+
0-1

[Event "Under 2300 Spring Tournament 1"]
[Site "SchemingMind.com"]
[Date "2017.03.08"]
[Round "-"]
[White "The Stonewall"]
[Black "ray winteringham"]
[Result "1-0"]
[WhiteCountry "ENG"]
[BlackCountry "ENG"]
[WhiteElo "2300"]
[WhiteRD "78"]
[BlackElo "1493"]
[BlackRD "51"]
[GameID "411151"]

1. c4 g6 2. Nc3 Bg7 3. d4 d6 4. e4 e6 5. Be3 Ne7 6. Qd2 O-O 7. h4 b6 8. h5 e5 9. hxg6 fxg6 10. Bh6 exd4
11. Bxg7 dxc3 12. Qh6 cxb2 13. Qxh7+ Kf7 14. Rd1 Rg8 15. Bxb2+ Kf8 16. Nf3 Qe8 17. Ng5 Nbc6 18. Qh6+
1-0

[Event "Under 2300 Spring Tournament 1"]
[Site "SchemingMind.com"]
[Date "2017.03.03"]
[Round "-"]
[White "ray winteringham"]
[Black "The Stonewall"]
[Result "0-1"]
[WhiteCountry "ENG"]
[BlackCountry "ENG"]
[WhiteElo "1493"]
[WhiteRD "51"]
[BlackElo "2300"]
[BlackRD "78"]
[GameID "411152"]

1. e4 Nf6 2. e5 Nd5 3. d4 Nb6 4. Nf3 d5 5. h3 Bf5 6. Bd3 Bxd3 7. Qxd3 e6 8. Bf4 Be7 9. Nbd2 N8d7 10. b3 a5
11. a4 c5 12. O-O O-O 13. Nh2 cxd4 14. Qxd4 Rc8 15. Rfc1 f6 16. Re1 Bc5 17. Qb2 fxe5 18. Bg3 Bd4 19. Qa2 Qg5 20. Ndf3 Qxg3
21. c3 Bxf2+ 22. Qxf2 Qxf2+ 23. Kxf2 e4
0-1

[Event "Under 2300 Spring Tournament 1"]
[Site "SchemingMind.com"]
[Date "2017.03.08"]
[Round "-"]
[White "The Stonewall"]
[Black "Serk"]
[Result "1/2-1/2"]
[WhiteCountry "ENG"]
[BlackCountry "RUS"]
[WhiteElo "2291"]
[WhiteRD "83"]
[BlackElo "2182"]
[BlackRD "128"]
[GameID "411153"]

1. Nf3 Nf6 2. c4 g6 3. g3 Bg7 4. Bg2 O-O 5. O-O d6 6. Nc3 Nc6 7. d3 e5 8. Rb1 a5 9. a3 Re8 10. Bg5 h6
11. Bxf6 Bxf6 12. b4 axb4 13. axb4 Bg7 14. b5 Ne7 15. Qc2 c6 16. Nd2 f5 17. Rb4 Kh7 18. Rfb1 Rf8=
1/2-1/2

[Event "Under 2300 Spring Tournament 1"]
[Site "SchemingMind.com"]
[Date "2017.03.07"]
[Round "-"]
[White "Serk"]
[Black "The Stonewall"]
[Result "1-0"]
[WhiteCountry "RUS"]
[BlackCountry "ENG"]
[WhiteElo "2292"]
[WhiteRD "112"]
[BlackElo "2293"]
[BlackRD "84"]
[GameID "411154"]

1. d4 Nf6 2. c4 e6 3. Nf3 Bb4+ 4. Nbd2 d6 5. g3 Nc6 6. Bg2 a5 7. O-O e5 8. a3 Bxd2 9. Bxd2 e4 10. Ng5 d5
11. Rc1 h6 12. cxd5 Qxd5 13. Nh3 O-O 14. Nf4 Qd6 15. e3 Bg4 16. Qb3 Ra7 17. h3 Bd7 18. Rfd1 Ra6 19. Bc3 g5 20. d5 Ne5
21. Bd4 b6 22. Bxe5 Qxe5 23. Ne2 Ra7 24. Rd4 Rc8 25. g4 a4 26. Qd1 Ra5 27. Nc3 h5 28. gxh5 Bf5 29. Rc4 Kg7 30. Qd4 Qxd4
31. Rxd4 Rc5 32. Rcd1 Rh8 33. Nxa4 Rc2 34. R4d2 Rxd2 35. Rxd2 Rxh5 36. d6 b5 37. Nc3 cxd6 38. Nxb5 d5 39. b4 Bxh3 40. Bxh3 Rxh3
41. a4 Rh8 42. a5 Ra8 43. Ra2 Nd7 44. Nc7 Rc8 45. Rc2 Rb8 46. b5
1-0

[Event "Under 2300 Spring Tournament 1"]
[Site "SchemingMind.com"]
[Date "2017.03.08"]
[Round "-"]
[White "The Stonewall"]
[Black "Omahony"]
[Result "1-0"]
[WhiteCountry "ENG"]
[BlackCountry "ENG"]
[WhiteElo "2300"]
[WhiteRD "78"]
[BlackElo "1746"]
[BlackRD "130"]
[GameID "411155"]

1. d4 d5 2. Bg5 c6 3. Nf3 Qb6 4. Qc1 Bf5 5. e3 Nd7 6. c4 e6 7. Nc3 Ngf6 8. Be2 Be7 9. O-O h6 10. Bh4 O-O
11. a3 Rfe8 12. Nd2 Rac8 13. c5 Qd8 14. Bg3 b6 15. b4 b5 16. a4 a6 17. Qb2 Ra8 18. Ra3 Qc8 19. Rfa1 Qb7 20. Qa2 Nh5
21. Bxh5
1-0